Chivalry and romance : (Record no. 78281)

MARC details
000 -LEADER
fixed length control field 00637nam a22001937a 4500
005 - DATE AND TIME OF LATEST TRANSACTION
control field 20130917123656.0
010 ## - LCCN (DPL NO)
LC control number ENG-108209
020 ## - INTERNATIONAL STANDARD BOOK NUMBER
Terms of availability 995.00
International Standard Book Number 9789381523896
035 ## - SYSTEM CONTROL NUMBER
System control number EN-91742
037 ## - SOURCE OF ACQUISITION
Source of stock number/acquisition DBAD/PUB
082 ## - DEWEY DECIMAL CLASSIFICATION NUMBER
Classification number 954
100 ## - MAIN ENTRY--PERSONAL NAME
Personal name Paul, E. Jaiwant
245 ## - TITLE STATEMENT
Title Chivalry and romance :
Statement of responsibility, etc by E.Jaiwant Paul
Remainder of title vignettes from Indian history and bardic legends /
260 ## - PUBLICATION, DISTRIBUTION, ETC. (IMPRINT)
Place of publication, distribution, etc New Delhi
Name of publisher, distributor, etc Niyogi Books
Date of publication, distribution, etc 2013
270 ## - ADDRESS
Address D-78, Okhla Industrial Area, Phase-1
City New Delhi
Postal code 110020
300 ## - PHYSICAL DESCRIPTION
Extent 206p. :
Dimensions 24cm(Hb)
Other physical details ill.
500 ## - GENERAL NOTE
General note Includes bibliographical references and index
942 ## - ADDED ENTRY ELEMENTS (KOHA)
Source of classification or shelving scheme Dewey Decimal Classification
Item type English Books
Call number suffix PAU
Classification part 954
Holdings
Withdrawn status Lost status Not for loan Collection code Home library Current library Date acquired Source of acquisition Cost, normal purchase price Full call number Barcode Copy number Cost, replacement price Koha item type
    Not For Loan Non-fiction D.B.Act.Division D.B.Act.Division 02/08/2013 DBAD/PUB 995.00 954 PAU EN-91742 1 995.00 English Books

© Delhi Public Library
Hit Counter
free hit counter